Devoted to the Goddess (Record no. 508453)

MARC details
000 -LEADER
fixed length control field 00760nam a2200253Ia 4500
003 - CONTROL NUMBER IDENTIFIER
control field OSt
005 - DATE AND TIME OF LATEST TRANSACTION
control field 20220925184647.0
008 - FIXED-LENGTH DATA ELEMENTS--GENERAL INFORMATION
fixed length control field 220923b |||||||| |||| 00| 0 eng d
020 ## - INTERNATIONAL STANDARD BOOK NUMBER
International Standard Book Number 079143690X
037 ## - SOURCE OF ACQUISITION
Terms of availability General Book
040 ## - CATALOGING SOURCE
Original cataloging agency RTL
Transcribing agency RTL
Language of cataloging eng
041 ## - LANGUAGE CODE
Source of code eng
Language code of text/sound track or separate title eng
100 ## - MAIN ENTRY--PERSONAL NAME
Personal name Mclean Malcolm
9 (RLIN) 230756
245 #0 - TITLE STATEMENT
Title Devoted to the Goddess
Remainder of title The life and work of Rampr
260 ## - PUBLICATION, DISTRIBUTION, ETC.
Place of publication, distribution, etc. Albany
Name of publisher, distributor, etc. State University of New York Press
Date of publication, distribution, etc. 1998
300 ## - PHYSICAL DESCRIPTION
Extent xvii, 205p Bibliography: P 189-97
Dimensions cm.
490 ## - SERIES STATEMENT
Series statement Suny Series in Hindu Studies
650 ## - SUBJECT ADDED ENTRY--TOPICAL TERM
Topical term or geographic name entry element Saktaism
9 (RLIN) 230757
942 ## - ADDED ENTRY ELEMENTS (KOHA)
Classification part Q25.275.M, N8
Koha item type General Books
Source of classification or shelving scheme Colon Classification (CC)

No items available.

Copyright @ Delhi University Library System